Devinez le Département Mystère #48 - Statistiques

Statistiques générales
  • Ce quiz a été pris 158 fois
  • Le résultat moyen est 28 sur 38
Statistiques - réponses
Type de Réponse Réponse % Correct
Lettre Trouvée A
99%
Lettre Trouvée E
99%
Lettre de l'Alphabet R
99%
Lettre de l'Alphabet I
98%
Lettre de l'Alphabet N
98%
Lettre Trouvée T
98%
Lettre de l'Alphabet O
97%
Lettre Trouvée S
97%
Lettre Trouvée L
94%
Lettre Trouvée H
93%
Lettre Trouvée U
93%
Lettre de l'Alphabet D
90%
Lettre de l'Alphabet C
89%
Lettre de l'Alphabet M
89%
Lettre de l'Alphabet V
85%
Lettre Trouvée P
78%
Lettre de l'Alphabet G
74%
Lettre de l'Alphabet B
71%
Lettre de l'Alphabet F
69%
Lettre de l'Alphabet Y
68%
Lettre de l'Alphabet Q
62%
Lettre de l'Alphabet J
57%
Lettre de l'Alphabet X
56%
Lettre de l'Alphabet Z
56%
Lettre Bien Placée A
53%
Lettre Bien Placée A
53%
Lettre Bien Placée E
53%
Lettre Bien Placée E
53%
Lettre Bien Placée H
53%
Département Mystère Hautes-Alpes
53%
Lettre de l'Alphabet K
53%
Lettre Bien Placée L
53%
Lettre Bien Placée P
53%
Lettre Bien Placée S
53%
Lettre Bien Placée S
53%
Lettre Bien Placée T
53%
Lettre Bien Placée U
53%
Lettre de l'Alphabet W
53%
Aucun quiz correspondant
Distribution des résultats
% des personnes avec chaque résultat
Percentile par nombre de réponses
Votre historique - résultats
Vous n’avez pas pris ce quiz